000 00242nam a2200109Ia 4500
008 190216s9999||||xx |||||||||||||| ||und||
100 _aNull
245 0 _aProbability And Statitics
260 _bMcgraw -hill
650 _aCommerce
942 _cBK
999 _c4836
_d4836